| 000 | 00394 a2200157 4500 | ||
|---|---|---|---|
| 999 |
_c6186 _d6186 |
||
| 020 | _a0091130204 | ||
| 050 | 1 | 0 |
_aPR 6056 FOR 1972 _aPR 6056 FOR 1972 |
| 100 | 1 |
_aForsyth, Frederick, _d1938- |
|
| 245 | 1 | 4 | _aThe Odessa file. |
| 264 |
_aGreat Britain: _bHutchison, _c1972. |
||
| 300 | _aix, 309 p. | ||
| 500 | _anovel. | ||
| 650 | _aFiction | ||
| 651 | _aBritain | ||
| 942 |
_2lcc _cBK _h6056 _iFOR _kPR |
||